Leaders at all levels : Deepening your talent pool to solve the succession crisis

שמור ב:
מידע ביבליוגרפי
מחבר ראשי:  Charan, Ram
פורמט: Sách
שפה:Undetermined
יצא לאור:  Jossey-Bass  2008
נושאים:
תגים: הוספת תג
אין תגיות, היה/י הראשונ/ה לתייג את הרשומה!
Thư viện lưu trữ: Trung tâm Thư viện - Trường Đại học Công nghiệp TP. Hồ Chí Minh
LEADER 00520nam a2200157Ia 4500
001 UIH_04584
008 231011s9999 xx 000 0 und d
082 |a  658.4092 
100 |a  Charan, Ram 
245 0 |a  Leaders at all levels : Deepening your talent pool to solve the succession crisis 
245 0 |c  Charan, Ram 
260 |b  Jossey-Bass 
260 |c  2008 
650 |a  Người quản lý;  
927 |a Sách 
980 |a Trung tâm Thư viện - Trường Đại học Công nghiệp TP. Hồ Chí Minh